[Event "182nd Stay Safe Play From Home series"]
[Site "T#646404Emanuel Laske"]
[Date "2020.05.28"]
[Round "3"]
[White "Greblah"]
[Black "Castlingarrocco"]
[Result "1-0"]
[WhiteElo "1948"]
[BlackElo "1963"]
[Annotator "NA"]
[PlyCount "107"]
[EventDate "2020.05.28"]
[EventType "swiss (blitz)"]

1. e4 {[%emt 0:00:01]} e6 {[%emt 0:00:03]} 2. Qe2 {[%emt 0:00:02]} b6 {[%emt 0:00:02]} 3. d4 {[%emt 0:00:01]} Bb7 {[%emt 0:00:00]} 4. d5 {[%emt 0:00:01]} Nf6 {[%emt 0:00:01]} 5. c4 {[%emt 0:00:01]} Be7 {[%emt 0:00:01]} 6. Nc3 {[%emt 0:00:01]} d6 {[%emt 0:00:01]} 7. Nf3 {[%emt 0:00:01]} e5 {[%emt 0:00:01]} 8. Bg5 {[%emt 0:00:01]} Nbd7 {[%emt 0:00:01]} 9. Bxf6 {[%emt 0:00:01]} Nxf6 {[%emt 0:00:01]} 10. g3 {[%emt 0:00:00]} O-O {[%emt 0:00:01]} 11. Bg2 {[%emt 0:00:01]} h6 {[%emt 0:00:00]} 12. O-O {[%emt 0:00:00]} Nd7 {[%emt 0:00:01]} 13. Nd2 {[%emt 0:00:01]} Nc5 {[%emt 0:00:01]} 14. b4 {[%emt 0:00:02]} Na6 {[%emt 0:00:02]} 15. a3 {[%emt 0:00:01]} Bc8 {[%emt 0:00:01]} 16. f4 {[%emt 0:00:01]} f5 {[%emt 0:00:01]} 17. fxe5 {[%emt 0:00:01]} dxe5 {[%emt 0:00:00]} 18. exf5 {[%emt 0:00:01]} Bf6 {[%emt 0:00:01]} 19. Be4 {[%emt 0:00:01]} Rb8 {[%emt 0:00:03]} 20. b5 {[%emt 0:00:01]} Nc5 {[%emt 0:00:01]} 21. Na2 {[%emt 0:00:02]} Qe7 {[%emt 0:00:01]} 22. Nb4 {[%emt 0:00:01]} Bb7 {[%emt 0:00:02]} 23. Nc6 {[%emt 0:00:01]} Bxc6 {[%emt 0:00:01]} 24. bxc6 {[%emt 0:00:00]} Nxe4 {[%emt 0:00:01]} 25. Nxe4 {[%emt 0:00:01]} Rbd8 {[%emt 0:00:03]} 26. Qf2 {[%emt 0:00:01]} a5 {[%emt 0:00:01]} 27. a4 {[%emt 0:00:01]} Qb4 {[%emt 0:00:02]} 28. Rfc1 {[%emt 0:00:02]} Bg5 {[%emt 0:00:02]} 29. Rc2 {[%emt 0:00:01]} g6 {[%emt 0:00:03]} 30. Qe1 {[%emt 0:00:02]} Qxe1+ {[%emt 0:00:01]} 31. Rxe1 {[%emt 0:00:01]} gxf5 {[%emt 0:00:00]} 32. Nf2 {[%emt 0:00:01]} f4 {[%emt 0:00:02]} 33. Rxe5 {[%emt 0:00:02]} fxg3 {[%emt 0:00:01]} 34. hxg3 {[%emt 0:00:01]} Rf7 {[%emt 0:00:01]} 35. Re6 {[%emt 0:00:02]} Rdf8 {[%emt 0:00:01]} 36. Kg2 {[%emt 0:00:01]} Be3 {[%emt 0:00:02]} 37. Ne4 {[%emt 0:00:01]} Bg5 {[%emt 0:00:03]} 38. Nxg5 {[%emt 0:00:02]} hxg5 {[%emt 0:00:00]} 39. Rce2 {[%emt 0:00:01]} Kg7 {[%emt 0:00:01]} 40. Re7 {[%emt 0:00:01]} Rxe7 {[%emt 0:00:01]} 41. Rxe7+ {[%emt 0:00:01]} Rf7 {[%emt 0:00:00]} 42. Rxf7+ {[%emt 0:00:01]} Kxf7 {[%emt 0:00:00]} 43. Kf3 {[%emt 0:00:01]} Kf6 {[%emt 0:00:00]} 44. Kg4 {[%emt 0:00:01]} Ke5 {[%emt 0:00:01]} 45. Kxg5 {[%emt 0:00:01]} Kd4 {[%emt 0:00:00]} 46. Kf6 {[%emt 0:00:01]} Kxc4 {[%emt 0:00:00]} 47. d6 {[%emt 0:00:00]} Kb4 {[%emt 0:00:00]} 48. dxc7 {[%emt 0:00:01]} Kxa4 {[%emt 0:00:00]} 49. c8=Q {[%emt 0:00:00]} Kb4 {[%emt 0:00:00]} 50. Qb7 {[%emt 0:00:00]} a4 {[%emt 0:00:00]} 51. c7 {[%emt 0:00:00]} a3 {[%emt 0:00:00]} 52. c8=Q {[%emt 0:00:00]} a2 {[%emt 0:00:00]} 53. Qxb6+ {[%emt 0:00:00]} Ka3 {[%emt 0:00:01]} 54. Qca6# {[%emt 0:00:00] (Lag: Av=0.26s, max=0.7s)} 1-0

[Event "182nd Stay Safe Play From Home series"]
[Site "T#646404Emanuel Laske"]
[Date "2020.05.28"]
[Round "4"]
[White "Dj amir"]
[Black "Greblah"]
[Result "1-0"]
[WhiteElo "2435"]
[BlackElo "1965"]
[PlyCount "133"]
[EventDate "2020.05.28"]
[EventType "swiss (blitz)"]

1. e4 {[%emt 0:00:00]} c6 {[%emt 0:00:00]} 2. Nc3 {[%emt 0:00:00]} d5 {[%emt 0:00:01]} 3. d4 {[%emt 0:00:00]} dxe4 {[%emt 0:00:01]} 4. Nxe4 {[%emt 0:00:00]} Nf6 {[%emt 0:00:00]} 5. Nxf6+ {[%emt 0:00:01]} gxf6 {[%emt 0:00:00]} 6. Be3 {[%emt 0:00:01]} Bf5 {[%emt 0:00:00]} 7. c3 {[%emt 0:00:00]} e6 {[%emt 0:00:01]} 8. Qb3 {[%emt 0:00:00]} Qb6 {[%emt 0:00:02]} 9. Ne2 {[%emt 0:00:00]} Qxb3 {[%emt 0:00:01]} 10. axb3 {[%emt 0:00:01]} a6 {[%emt 0:00:00]} 11. Ng3 {[%emt 0:00:00]} Bg6 {[%emt 0:00:01]} 12. b4 {[%emt 0:00:00]} Nd7 {[%emt 0:00:01]} 13. Be2 {[%emt 0:00:01]} Bd6 {[%emt 0:00:01]} 14. f3 {[%emt 0:00:02]} Bxg3+ {[%emt 0:00:01]} 15. hxg3 {[%emt 0:00:00]} O-O {[%emt 0:00:01]} 16. Kf2 {[%emt 0:00:01]} f5 {[%emt 0:00:01]} 17. Bh6 {[%emt 0:00:02]} Rfe8 {[%emt 0:00:01]} 18. Rhe1 {[%emt 0:00:01]} Nf6 {[%emt 0:00:01]} 19. Bg5 {[%emt 0:00:01]} Nd5 {[%emt 0:00:01]} 20. Rad1 {[%emt 0:00:01]} Nb6 {[%emt 0:00:01]} 21. Bf1 {[%emt 0:00:01]} Na4 {[%emt 0:00:01]} 22. Bc1 {[%emt 0:00:01]} Nb6 {[%emt 0:00:01]} 23. Re5 {[%emt 0:00:01]} Nd7 {[%emt 0:00:01]} 24. Re3 {[%emt 0:00:01]} Nf6 {[%emt 0:00:01]} 25. Ree1 {[%emt 0:00:01]} Nd5 {[%emt 0:00:01]} 26. Bc4 {[%emt 0:00:01]} Nc7 {[%emt 0:00:01]} 27. Rg1 {[%emt 0:00:02]} Nd5 {[%emt 0:00:01]} 28. Rde1 {[%emt 0:00:01]} Nb6 {[%emt 0:00:01]} 29. Bb3 {[%emt 0:00:01]} Nd5 {[%emt 0:00:01]} 30. Bg5 {[%emt 0:00:01]} Rac8 {[%emt 0:00:02]} 31. Ra1 {[%emt 0:00:02]} Nb6 {[%emt 0:00:01]} 32. Rh1 {[%emt 0:00:01]} Nd7 {[%emt 0:00:01]} 33. Rh4 {[%emt 0:00:01]} f6 {[%emt 0:00:01]} 34. Bf4 {[%emt 0:00:02]} Kg7 {[%emt 0:00:01]} 35. Re1 {[%emt 0:00:01]} e5 {[%emt 0:00:01]} 36. Be3 {[%emt 0:00:00]} e4 {[%emt 0:00:02]} 37. f4 {[%emt 0:00:02]} Nb6 {[%emt 0:00:02]} 38. Bc1 {[%emt 0:00:02]} Nd5 {[%emt 0:00:01]} 39. Be3 {[%emt 0:00:01]} Re7 {[%emt 0:00:01]} 40. g4 {[%emt 0:00:01]} Rce8 {[%emt 0:00:01]} 41. gxf5 {[%emt 0:00:01]} Bxf5 {[%emt 0:00:01]} 42. g4 {[%emt 0:00:00]} Bg6 {[%emt 0:00:01]} 43. f5 {[%emt 0:00:01]} Bf7 {[%emt 0:00:01]} 44. Bc2 {[%emt 0:00:00]} Nc7 {[%emt 0:00:02]} 45. Bh6+ {[%emt 0:00:01]} Kg8 {[%emt 0:00:01]} 46. g5 {[%emt 0:00:01]} e3+ {[%emt 0:00:01]} 47. Kg3 {[%emt 0:00:02]} fxg5 {[%emt 0:00:01]} 48. Bxg5 {[%emt 0:00:00]} Re4 {[%emt 0:00:01]} 49. Rxe4 {[%emt 0:00:02]} Rxe4 {[%emt 0:00:01]} 50. Bxe4 {[%emt 0:00:00]} Bd5 {[%emt 0:00:01]} 51. Rxe3 {[%emt 0:00:01]} Bxe4 {[%emt 0:00:01]} 52. Rxe4 {[%emt 0:00:00]} Nd5 {[%emt 0:00:00]} 53. Kg4 {[%emt 0:00:00]} Kf7 {[%emt 0:00:00]} 54. Kh5 {[%emt 0:00:00]} h6 {[%emt 0:00:01]} 55. Kxh6 {[%emt 0:00:01]} Nb6 {[%emt 0:00:01]} 56. Re7+ {[%emt 0:00:01]} Kf8 {[%emt 0:00:01]} 57. Rxb7 {[%emt 0:00:00]} Nc4 {[%emt 0:00:00]} 58. Kg6 {[%emt 0:00:01]} Ke8 {[%emt 0:00:01]} 59. f6 {[%emt 0:00:01]} Nd6 {[%emt 0:00:00]} 60. f7+ {[%emt 0:00:00]} Nxf7 {[%emt 0:00:01]} 61. Rxf7 {[%emt 0:00:00]} c5 {[%emt 0:00:02]} 62. dxc5 {[%emt 0:00:00]} a5 {[%emt 0:00:00]} 63. Bf4 {[%emt 0:00:01]} Kd8 {[%emt 0:00:01]} 64. bxa5 {[%emt 0:00:01]} Kc8 {[%emt 0:00:00]} 65. a6 {[%emt 0:00:00]} Kd8 {[%emt 0:00:01]} 66. a7 {[%emt 0:00:00]} Ke8 {[%emt 0:00:00]} 67. a8=Q# {[%emt 0:00:00] (Lag: Av=0.31s, max=0.7s)} 1-0

[Event "182nd Stay Safe Play From Home series"]
[Site "T#646404Emanuel Laske"]
[Date "2020.05.28"]
[Round "4"]
[White "Rogan"]
[Black "Lamborghini"]
[Result "0-1"]
[WhiteElo "2223"]
[BlackElo "2189"]
[PlyCount "84"]
[EventDate "2020.05.28"]
[EventType "swiss (blitz)"]

1. d4 {[%emt 0:00:00]} Nf6 {[%emt 0:00:01]} 2. c3 {[%emt 0:00:00]} g6 {[%emt 0:00:00]} 3. Nf3 {[%emt 0:00:00]} Bg7 {[%emt 0:00:00]} 4. Bg5 {[%emt 0:00:00]} O-O {[%emt 0:00:00]} 5. Bxf6 {[%emt 0:00:00]} exf6 {[%emt 0:00:01]} 6. h4 {[%emt 0:00:00]} h5 {[%emt 0:00:01]} 7. e3 {[%emt 0:00:01]} b6 {[%emt 0:00:01]} 8. Bd3 {[%emt 0:00:00]} Bb7 {[%emt 0:00:01]} 9. Nbd2 {[%emt 0:00:00]} f5 {[%emt 0:00:01]} 10. Qc2 {[%emt 0:00:00]} d6 {[%emt 0:00:02]} 11. Ng5 {[%emt 0:00:00]} Qe7 {[%emt 0:00:02]} 12. Rg1 {[%emt 0:00:00]} c5 {[%emt 0:00:01]} 13. dxc5 {[%emt 0:00:02]} dxc5 {[%emt 0:00:01]} 14. O-O-O {[%emt 0:00:01]} Nc6 {[%emt 0:00:01]} 15. Bc4 {[%emt 0:00:01]} Ne5 {[%emt 0:00:01]} 16. Be2 {[%emt 0:00:02]} Rad8 {[%emt 0:00:03]} 17. Nc4 {[%emt 0:00:01]} Nxc4 {[%emt 0:00:02]} 18. Bxc4 {[%emt 0:00:01]} a6 {[%emt 0:00:02]} 19. Rxd8 {[%emt 0:00:08]} Qxd8 {[%emt 0:00:01]} 20. Rd1 {[%emt 0:00:01]} Qc7 {[%emt 0:00:01]} 21. Qb3 {[%emt 0:00:03]} b5 {[%emt 0:00:02]} 22. Bd5 {[%emt 0:00:01]} c4 {[%emt 0:00:01]} 23. Qb4 {[%emt 0:00:01]} Bxd5 {[%emt 0:00:01]} 24. Rxd5 {[%emt 0:00:00]} f4 {[%emt 0:00:01]} 25. Qc5 {[%emt 0:00:03]} fxe3 {[%emt 0:00:01]} 26. Qxc7 {[%emt 0:00:02]} exf2 {[%emt 0:00:01]} 27. Kc2 {[%emt 0:00:07]} f1=Q {[%emt 0:00:02]} 28. Rd8 {[%emt 0:00:01]} Qf5+ {[%emt 0:00:02]} 29. Kc1 {[%emt 0:00:05]} Rxd8 {[%emt 0:00:04]} 30. Qxd8+ {[%emt 0:00:01]} Bf8 {[%emt 0:00:00]} 31. Qc7 {[%emt 0:00:08]} a5 {[%emt 0:00:02]} 32. a3 {[%emt 0:00:01]} b4 {[%emt 0:00:01]} 33. axb4 {[%emt 0:00:01]} axb4 {[%emt 0:00:00]} 34. cxb4 {[%emt 0:00:00]} c3 {[%emt 0:00:01]} 35. bxc3 {[%emt 0:00:01]} Qf1+ {[%emt 0:00:01]} 36. Kc2 {[%emt 0:00:02]} Qxg2+ {[%emt 0:00:00]} 37. Kb3 {[%emt 0:00:01]} Qf2 {[%emt 0:00:02]} 38. Qc4 {[%emt 0:00:01]} Qf5 {[%emt 0:00:01]} 39. b5 {[%emt 0:00:01]} Be7 {[%emt 0:00:01]} 40. b6 {[%emt 0:00:01]} Bxg5 {[%emt 0:00:01]} 41. hxg5 {[%emt 0:00:01]} Qd7 {[%emt 0:00:01]} 42. Qc7 {[%emt 0:00:01]} Qb5+ {[%emt 0:00:01] Time (Lag: Av=0.40s, max=2.4s)} 0-1

[Event "182nd Stay Safe Play From Home series"]
[Site "T#646404Emanuel Laske"]
[Date "2020.05.28"]
[Round "4"]
[White "KLIND"]
[Black "Lazieri3"]
[Result "0-1"]
[WhiteElo "2017"]
[BlackElo "1992"]
[Annotator "NA"]
[PlyCount "72"]
[EventDate "2020.05.28"]
[EventType "swiss (blitz)"]

1. e4 {[%emt 0:00:01]} c6 {[%emt 0:00:00]} 2. Nf3 {[%emt 0:00:00]} d5 {[%emt 0:00:01]} 3. exd5 {[%emt 0:00:00]} cxd5 {[%emt 0:00:00]} 4. d4 {[%emt 0:00:00]} Nc6 {[%emt 0:00:00]} 5. c3 {[%emt 0:00:00]} Nf6 {[%emt 0:00:00]} 6. Be2 {[%emt 0:00:01]} Bf5 {[%emt 0:00:00]} 7. O-O {[%emt 0:00:00]} e6 {[%emt 0:00:01]} 8. Ne5 {[%emt 0:00:01]} h6 {[%emt 0:00:01]} 9. f4 {[%emt 0:00:01]} Bd6 {[%emt 0:00:02]} 10. Be3 {[%emt 0:00:02]} Ne4 {[%emt 0:00:01]} 11. Bf3 {[%emt 0:00:01]} O-O {[%emt 0:00:01]} 12. Bxe4 {[%emt 0:00:02]} Bxe4 {[%emt 0:00:01]} 13. Nd2 {[%emt 0:00:00]} Bh7 {[%emt 0:00:01]} 14. Qf3 {[%emt 0:00:01]} f6 {[%emt 0:00:01]} 15. Nxc6 {[%emt 0:00:01]} bxc6 {[%emt 0:00:00]} 16. Nb3 {[%emt 0:00:02]} Rc8 {[%emt 0:00:01]} 17. Nc5 {[%emt 0:00:00]} Bxc5 {[%emt 0:00:01]} 18. dxc5 {[%emt 0:00:00]} Be4 {[%emt 0:00:01]} 19. Qh3 {[%emt 0:00:03]} Rb8 {[%emt 0:00:00]} 20. Qxe6+ {[%emt 0:00:02]} Kh8 {[%emt 0:00:01]} 21. b4 {[%emt 0:00:01]} a5 {[%emt 0:00:01]} 22. a3 {[%emt 0:00:01]} Qc7 {[%emt 0:00:02]} 23. Bd4 {[%emt 0:00:01]} Rbe8 {[%emt 0:00:02]} 24. Qd6 {[%emt 0:00:01]} Qf7 {[%emt 0:00:02]} 25. f5 {[%emt 0:00:02]} Rc8 {[%emt 0:00:04]} 26. Rae1 {[%emt 0:00:01]} Qh5 {[%emt 0:00:02]} 27. Qf4 {[%emt 0:00:04]} Rce8 {[%emt 0:00:03]} 28. a4 {[%emt 0:00:05]} axb4 {[%emt 0:00:01]} 29. cxb4 {[%emt 0:00:00]} Re7 {[%emt 0:00:03]} 30. Qd6 {[%emt 0:00:02]} Rfe8 {[%emt 0:00:01]} 31. Qxc6 {[%emt 0:00:01]} Qg4 {[%emt 0:00:04]} 32. Rf2 {[%emt 0:00:05]} Bxg2 {[%emt 0:00:03]} 33. Rc1 {[%emt 0:00:08]} Re1+ {[%emt 0:00:03]} 34. Rf1 {[%emt 0:00:02]} Bh3+ {[%emt 0:00:07]} 35. Kf2 {[%emt 0:00:02]} Qf4+ {[%emt 0:00:02]} 36. Kg1 {[%emt 0:00:02]} Qxf1# {[%emt 0:00:01] (Lag: Av=0.51s, max=0.9s)} 0-1

[Event "182nd Stay Safe Play From Home series"]
[Site "T#646404Emanuel Laske"]
[Date "2020.05.28"]
[Round "4"]
[White "Don59as"]
[Black "Weltszmerc"]
[Result "0-1"]
[WhiteElo "2002"]
[BlackElo "1998"]
[Annotator "NA"]
[PlyCount "106"]
[EventDate "2020.05.28"]
[EventType "swiss (blitz)"]

1. c4 {[%emt 0:00:02]} Nf6 {[%emt 0:00:00]} 2. Nc3 {[%emt 0:00:00]} b6 {[%emt 0:00:00]} 3. e4 {[%emt 0:00:01]} e6 {[%emt 0:00:00]} 4. g3 {[%emt 0:00:01]} Bb7 {[%emt 0:00:01]} 5. Bg2 {[%emt 0:00:00]} Bb4 {[%emt 0:00:00]} 6. Nge2 {[%emt 0:00:01]} d5 {[%emt 0:00:02]} 7. exd5 {[%emt 0:00:01]} exd5 {[%emt 0:00:01]} 8. O-O {[%emt 0:00:00]} Bxc3 {[%emt 0:00:01]} 9. Nxc3 {[%emt 0:00:02]} O-O {[%emt 0:00:01]} 10. cxd5 {[%emt 0:00:01]} Nxd5 {[%emt 0:00:01]} 11. Qb3 {[%emt 0:00:01]} c6 {[%emt 0:00:01]} 12. Nxd5 {[%emt 0:00:02]} cxd5 {[%emt 0:00:00]} 13. d4 {[%emt 0:00:00]} Na6 {[%emt 0:00:01]} 14. Bf4 {[%emt 0:00:02]} h6 {[%emt 0:00:01]} 15. Rfe1 {[%emt 0:00:01]} Re8 {[%emt 0:00:02]} 16. h4 {[%emt 0:00:01]} Rxe1+ {[%emt 0:00:02]} 17. Rxe1 {[%emt 0:00:01]} Rc8 {[%emt 0:00:00]} 18. Qb5 {[%emt 0:00:01]} Nc7 {[%emt 0:00:02]} 19. Qb3 {[%emt 0:00:02]} Ne6 {[%emt 0:00:02]} 20. Be3 {[%emt 0:00:03]} Qd6 {[%emt 0:00:01]} 21. Bh3 {[%emt 0:00:01]} Rc6 {[%emt 0:00:04]} 22. Qa4 {[%emt 0:00:01]} a6 {[%emt 0:00:01]} 23. Qb3 {[%emt 0:00:01]} b5 {[%emt 0:00:01]} 24. a4 {[%emt 0:00:01]} b4 {[%emt 0:00:01]} 25. a5 {[%emt 0:00:01]} Rc4 {[%emt 0:00:02]} 26. Qa4 {[%emt 0:00:01]} Qc6 {[%emt 0:00:02]} 27. Qxc6 {[%emt 0:00:03]} Bxc6 {[%emt 0:00:00]} 28. Bxe6 {[%emt 0:00:01]} fxe6 {[%emt 0:00:01]} 29. Bf4 {[%emt 0:00:00]} Kf7 {[%emt 0:00:01]} 30. Bd6 {[%emt 0:00:02]} b3 {[%emt 0:00:02]} 31. Re3 {[%emt 0:00:02]} Rxd4 {[%emt 0:00:01]} 32. Rxb3 {[%emt 0:00:02]} Rd1+ {[%emt 0:00:01]} 33. Kh2 {[%emt 0:00:01]} Bb5 {[%emt 0:00:00]} 34. Re3 {[%emt 0:00:02]} d4 {[%emt 0:00:02]} 35. Rf3+ {[%emt 0:00:02]} Ke8 {[%emt 0:00:02]} 36. b4 {[%emt 0:00:00]} Kd7 {[%emt 0:00:01]} 37. Bc5 {[%emt 0:00:01]} Bc6 {[%emt 0:00:01]} 38. Rf7+ {[%emt 0:00:00]} Ke8 {[%emt 0:00:02]} 39. Re7+ {[%emt 0:00:01]} Kd8 {[%emt 0:00:00]} 40. g4 {[%emt 0:00:02]} Bd5 {[%emt 0:00:01]} 41. Kg3 {[%emt 0:00:02]} d3 {[%emt 0:00:00]} 42. Kf4 {[%emt 0:00:01]} d2 {[%emt 0:00:01]} 43. Be3 {[%emt 0:00:01]} Kxe7 {[%emt 0:00:04]} 44. Ke5 {[%emt 0:00:01]} Re1 {[%emt 0:00:01]} 45. f4 {[%emt 0:00:03]} Rxe3+ {[%emt 0:00:01]} 46. Kd4 {[%emt 0:00:02]} Re4+ {[%emt 0:00:00]} 47. Kc5 {[%emt 0:00:01]} d1=Q {[%emt 0:00:00]} 48. Kb6 {[%emt 0:00:00]} Rc4 {[%emt 0:00:00]} 49. b5 {[%emt 0:00:01]} Qb3 {[%emt 0:00:01]} 50. Kxa6 {[%emt 0:00:01]} Rb4 {[%emt 0:00:00]} 51. b6 {[%emt 0:00:01]} Bc4+ {[%emt 0:00:00]} 52. Ka7 {[%emt 0:00:01]} Qa4 {[%emt 0:00:01]} 53. Kb8 {[%emt 0:00:00]} Rxb6+ {[%emt 0:00:01] Time (Lag: Av=0.79s, max=1.0s)} 0-1

[Event "182nd Stay Safe Play From Home series"]
[Site "T#646404Emanuel Laske"]
[Date "2020.05.28"]
[Round "4"]
[White "Castlingarrocco"]
[Black "SoulofWolf"]
[Result "1-0"]
[WhiteElo "1945"]
[BlackElo "2131"]
[PlyCount "109"]
[EventDate "2020.05.28"]
[EventType "swiss (blitz)"]

1. d4 {[%emt 0:00:01]} c5 {[%emt 0:00:00]} 2. e3 {[%emt 0:00:00]} e6 {[%emt 0:00:00]} 3. Nf3 {[%emt 0:00:01]} Nf6 {[%emt 0:00:00]} 4. b3 {[%emt 0:00:01]} Be7 {[%emt 0:00:01]} 5. Bb2 {[%emt 0:00:00]} O-O {[%emt 0:00:00]} 6. Bd3 {[%emt 0:00:01]} b6 {[%emt 0:00:00]} 7. Qe2 {[%emt 0:00:01]} Bb7 {[%emt 0:00:00]} 8. Nbd2 {[%emt 0:00:00]} d5 {[%emt 0:00:01]} 9. Ne5 {[%emt 0:00:01]} Nbd7 {[%emt 0:00:01]} 10. f4 {[%emt 0:00:00]} Ne4 {[%emt 0:00:02]} 11. O-O {[%emt 0:00:02]} Ndf6 {[%emt 0:00:00]} 12. g4 {[%emt 0:00:01]} h6 {[%emt 0:00:03]} 13. Bxe4 {[%emt 0:00:02]} Nxe4 {[%emt 0:00:01]} 14. Nxe4 {[%emt 0:00:01]} dxe4 {[%emt 0:00:00]} 15. Qg2 {[%emt 0:00:01]} f6 {[%emt 0:00:03]} 16. Ng6 {[%emt 0:00:02]} Re8 {[%emt 0:00:02]} 17. Nxe7+ {[%emt 0:00:01]} Qxe7 {[%emt 0:00:01]} 18. c3 {[%emt 0:00:01]} Rad8 {[%emt 0:00:02]} 19. h4 {[%emt 0:00:01]} g5 {[%emt 0:00:01]} 20. hxg5 {[%emt 0:00:01]} hxg5 {[%emt 0:00:00]} 21. f5 {[%emt 0:00:01]} e5 {[%emt 0:00:03]} 22. dxc5 {[%emt 0:00:02]} Qxc5 {[%emt 0:00:02]} 23. Rae1 {[%emt 0:00:01]} Re7 {[%emt 0:00:03]} 24. c4 {[%emt 0:00:02]} Rdd7 {[%emt 0:00:02]} 25. Re2 {[%emt 0:00:01]} a6 {[%emt 0:00:01]} 26. Rfe1 {[%emt 0:00:00]} b5 {[%emt 0:00:01]} 27. cxb5 {[%emt 0:00:02]} Qxb5 {[%emt 0:00:01]} 28. Qh3 {[%emt 0:00:02]} Rh7 {[%emt 0:00:01]} 29. Qg2 {[%emt 0:00:00]} Rh6 {[%emt 0:00:02]} 30. Kf2 {[%emt 0:00:03]} Rdh7 {[%emt 0:00:01]} 31. Kg1 {[%emt 0:00:03]} Qb6 {[%emt 0:00:04]} 32. Ba3 {[%emt 0:00:04]} Bc6 {[%emt 0:00:02]} 33. Bb2 {[%emt 0:00:01]} Bb5 {[%emt 0:00:01]} 34. Rf2 {[%emt 0:00:02]} Qa5 {[%emt 0:00:01]} 35. Bxe5 {[%emt 0:00:02]} Rh1+ {[%emt 0:00:01]} 36. Qxh1 {[%emt 0:00:01]} Rxh1+ {[%emt 0:00:00]} 37. Kxh1 {[%emt 0:00:00]} fxe5 {[%emt 0:00:00]} 38. Kg2 {[%emt 0:00:00]} Qxe1 {[%emt 0:00:01]} 39. f6 {[%emt 0:00:01]} Kf7 {[%emt 0:00:01]} 40. Rf5 {[%emt 0:00:01]} Qxe3 {[%emt 0:00:01]} 41. Rxe5 {[%emt 0:00:01]} Qf3+ {[%emt 0:00:01]} 42. Kh2 {[%emt 0:00:01]} Qxg4 {[%emt 0:00:01]} 43. Re7+ {[%emt 0:00:02]} Kxf6 {[%emt 0:00:01]} 44. Ra7 {[%emt 0:00:00]} Qf4+ {[%emt 0:00:01]} 45. Kg2 {[%emt 0:00:01]} Kf5 {[%emt 0:00:00]} 46. Rf7+ {[%emt 0:00:01]} Kg4 {[%emt 0:00:00]} 47. Rxf4+ {[%emt 0:00:01]} gxf4 {[%emt 0:00:00]} 48. Kf2 {[%emt 0:00:00]} f3 {[%emt 0:00:02]} 49. Ke3 {[%emt 0:00:01]} Kg3 {[%emt 0:00:00]} 50. a4 {[%emt 0:00:01]} f2 {[%emt 0:00:00]} 51. axb5 {[%emt 0:00:00]} axb5 {[%emt 0:00:02]} 52. Ke2 {[%emt 0:00:01]} Kg2 {[%emt 0:00:02]} 53. Ke3 {[%emt 0:00:00]} f1=Q {[%emt 0:00:00]} 54. Kxe4 {[%emt 0:00:00]} Qe2+ {[%emt 0:00:01]} 55. Kd5 {[%emt 0:00:00] Czas partii (Lag: Av=0.32s, max=0.8s)} 1-0

[Event "182nd Stay Safe Play From Home series"]
[Site "T#646404Emanuel Laske"]
[Date "2020.05.28"]
[Round "4"]
[White "Emresenar"]
[Black "little champs"]
[Result "0-1"]
[WhiteElo "1748"]
[BlackElo "2136"]
[PlyCount "96"]
[EventDate "2020.05.28"]
[EventType "swiss (blitz)"]

1. g3 {[%emt 0:00:01]} c5 {[%emt 0:00:01]} 2. Bg2 {[%emt 0:00:00]} d6 {[%emt 0:00:00]} 3. Nc3 {[%emt 0:00:02]} Nc6 {[%emt 0:00:01]} 4. Nf3 {[%emt 0:00:01]} e5 {[%emt 0:00:01]} 5. O-O {[%emt 0:00:01]} Nf6 {[%emt 0:00:00]} 6. d3 {[%emt 0:00:01]} Be7 {[%emt 0:00:00]} 7. Bg5 {[%emt 0:00:01]} O-O {[%emt 0:00:00]} 8. e4 {[%emt 0:00:00]} Nd4 {[%emt 0:00:01]} 9. Bxf6 {[%emt 0:00:01]} Bxf6 {[%emt 0:00:01]} 10. Nxd4 {[%emt 0:00:00]} exd4 {[%emt 0:00:01]} 11. Nd5 {[%emt 0:00:01]} Bg5 {[%emt 0:00:01]} 12. f4 {[%emt 0:00:01]} Bh6 {[%emt 0:00:01]} 13. c3 {[%emt 0:00:03]} dxc3 {[%emt 0:00:01]} 14. bxc3 {[%emt 0:00:00]} f5 {[%emt 0:00:01]} 15. exf5 {[%emt 0:00:02]} Bxf5 {[%emt 0:00:01]} 16. Ne3 {[%emt 0:00:02]} Bc8 {[%emt 0:00:02]} 17. Nc4 {[%emt 0:00:02]} Rb8 {[%emt 0:00:02]} 18. Bd5+ {[%emt 0:00:01]} Kh8 {[%emt 0:00:01]} 19. Qf3 {[%emt 0:00:02]} b5 {[%emt 0:00:01]} 20. Ne3 {[%emt 0:00:02]} Qf6 {[%emt 0:00:01]} 21. Rac1 {[%emt 0:00:03]} Bd7 {[%emt 0:00:01]} 22. Bc6 {[%emt 0:00:01]} Rbd8 {[%emt 0:00:02]} 23. Bxd7 {[%emt 0:00:01]} Rxd7 {[%emt 0:00:01]} 24. Ng4 {[%emt 0:00:01]} Qg6 {[%emt 0:00:03]} 25. Nxh6 {[%emt 0:00:01]} Qxh6 {[%emt 0:00:01]} 26. d4 {[%emt 0:00:02]} c4 {[%emt 0:00:01]} 27. Qc6 {[%emt 0:00:01]} Rdd8 {[%emt 0:00:02]} 28. Qxb5 {[%emt 0:00:01]} d5 {[%emt 0:00:00]} 29. Qb7 {[%emt 0:00:04]} a5 {[%emt 0:00:02]} 30. Rce1 {[%emt 0:00:01]} Qg6 {[%emt 0:00:01]} 31. Re7 {[%emt 0:00:02]} Rb8 {[%emt 0:00:01]} 32. Qxd5 {[%emt 0:00:02]} Rbc8 {[%emt 0:00:01]} 33. Rfe1 {[%emt 0:00:02]} Rcd8 {[%emt 0:00:03]} 34. Qe4 {[%emt 0:00:02]} Qf6 {[%emt 0:00:02]} 35. Re6 {[%emt 0:00:01]} Qf7 {[%emt 0:00:01]} 36. Re7 {[%emt 0:00:01]} Qh5 {[%emt 0:00:01]} 37. Qe5 {[%emt 0:00:01]} Qg4 {[%emt 0:00:01]} 38. Qe3 {[%emt 0:00:01]} h5 {[%emt 0:00:01]} 39. Re4 {[%emt 0:00:01]} h4 {[%emt 0:00:01]} 40. f5 {[%emt 0:00:00]} Qxf5 {[%emt 0:00:02]} 41. Rxh4+ {[%emt 0:00:01]} Kg8 {[%emt 0:00:00]} 42. Qe6+ {[%emt 0:00:00]} Qxe6 {[%emt 0:00:00]} 43. Rxe6 {[%emt 0:00:00]} Rc8 {[%emt 0:00:00]} 44. Rhe4 {[%emt 0:00:00]} Rb8 {[%emt 0:00:01]} 45. Rg4 {[%emt 0:00:01]} Rf7 {[%emt 0:00:02]} 46. Reg6 {[%emt 0:00:00]} Rb2 {[%emt 0:00:01]} 47. d5 {[%emt 0:00:00]} Re7 {[%emt 0:00:01]} 48. Rxc4 {[%emt 0:00:01]} Re1# {[%emt 0:00:01] (Lag: Av=0.91s, max=2.2s)} 0-1